[Event "DEM U12w 2024"]
[Site "Willingen GER"]
[Date "2024.05.23"]
[Round "7"]
[White "Guliyeva, Zahra"]
[Black "Jamalli, Malak"]
[Result "0-1"]
[Termination "normal"]
[Board "22"]
[WhiteElo "1093"]
[BlackElo "1197"]
[WhiteClock "00:26:32"]
[BlackClock "00:31:00"]
[PlyCount "68"]
[WhiteFideId "34630198"]
[BlackFideId "533000689"]
[EventCountry "GER"]
[EventRounds "9"]
[EventType "swiss"]
[EventDate "2024.05.18"]

1. e4 {[%clk 01:30:59]} e5 {[%clk 01:30:52]} {[%emt 00:00:09]} 2. Nf3 {[%clk
01:31:24]} {[%emt 00:00:05]} Nc6 {[%clk 01:31:16]} {[%emt 00:00:06]} 3. Bc4
{[%clk 01:31:50]} {[%emt 00:00:04]} Bc5 {[%clk 01:31:32]} {[%emt 00:00:14]} 4.
O-O {[%clk 01:32:07]} {[%emt 00:00:12]} Nf6 {[%clk 01:31:43]} {[%emt 00:00:19]}
5. Nc3 {[%clk 01:32:32]} {[%emt 00:00:04]} O-O {[%clk 01:31:15]} {[%emt
00:00:59]} 6. d3 {[%clk 01:32:51]} {[%emt 00:00:11]} h6 {[%clk 01:31:06]}
{[%emt 00:00:39]} 7. Be3 {[%clk 01:33:02]} {[%emt 00:00:19]} Bb6 {[%clk
01:31:08]} {[%emt 00:00:28]} 8. d4 {[%clk 01:27:28]} {[%emt 00:06:04]} d6
{[%clk 01:28:51]} {[%emt 00:02:47]} 9. d5 {[%clk 01:26:17]} {[%emt 00:01:41]}
Na5 {[%clk 01:28:16]} {[%emt 00:01:06]} 10. Be2 {[%clk 01:24:07]} {[%emt
00:02:39]} c5 {[%clk 01:26:03]} {[%emt 00:02:43]} 11. dxc6 {[%clk 01:23:20]}
{[%emt 00:00:45]} Nxc6 {[%clk 01:26:08]} {[%emt 00:01:23]} 12. Nd5 {[%clk
01:19:25]} {[%emt 00:04:54]} Nxd5 {[%clk 01:20:29]} {[%emt 00:06:10]} 13. exd5
{[%clk 01:19:43]} {[%emt 00:00:12]} Ne7 {[%clk 01:19:40]} {[%emt 00:01:20]} 14.
b4 {[%clk 01:13:28]} {[%emt 00:06:44]} Nf5 {[%clk 01:18:06]} {[%emt 00:02:04]}
15. Qd2 {[%clk 01:10:10]} {[%emt 00:03:45]} Qf6 {[%clk 01:17:20]} {[%emt
00:01:18]} 16. Bxb6 {[%clk 01:05:29]} {[%emt 00:05:12]} axb6 {[%clk 01:16:48]}
{[%emt 00:01:02]} 17. Bd3 {[%clk 01:02:43]} {[%emt 00:03:16]} Re8 {[%clk
01:14:42]} {[%emt 00:02:36]} 18. Rfe1 {[%clk 00:56:26]} {[%emt 00:06:47]} e4
{[%clk 01:10:59]} {[%emt 00:04:14]} 19. Rad1 {[%clk 00:46:34]} {[%emt
00:10:21]} Rxa2 {[%clk 01:00:30]} {[%emt 00:10:59]} 20. Bxe4 {[%clk 00:45:16]}
{[%emt 00:01:46]} Bd7 {[%clk 00:59:28]} {[%emt 00:01:34]} 21. Bxf5 {[%clk
00:44:41]} {[%emt 00:01:05]} Rxe1+ {[%clk 00:54:56]} {[%emt 00:05:03]} 22. Rxe1
{[%clk 00:43:53]} {[%emt 00:01:17]} Qxf5 {[%clk 00:53:50]} {[%emt 00:01:36]}
23. Nd4 {[%clk 00:43:20]} {[%emt 00:01:04]} Qg6 {[%clk 00:50:34]} {[%emt
00:03:44]} 24. h3 {[%clk 00:42:57]} {[%emt 00:00:54]} Ra8 {[%clk 00:48:10]}
{[%emt 00:02:55]} 25. Qc3 {[%clk 00:39:27]} {[%emt 00:03:58]} Rc8 {[%clk
00:46:06]} {[%emt 00:02:35]} 26. Qa3 {[%clk 00:38:28]} {[%emt 00:01:28]} Qf6
{[%clk 00:43:52]} {[%emt 00:02:45]} 27. Rd1 {[%clk 00:36:22]} {[%emt 00:02:36]}
Bf5 {[%clk 00:39:47]} {[%emt 00:04:35]} 28. Nxf5 {[%clk 00:35:50]} {[%emt
00:01:02]} Qxf5 {[%clk 00:38:51]} {[%emt 00:01:26]} 29. c3 {[%clk 00:35:18]}
{[%emt 00:01:02]} Re8 {[%clk 00:38:08]} {[%emt 00:01:13]} 30. Qa4 {[%clk
00:29:42]} {[%emt 00:06:05]} Re2 {[%clk 00:34:59]} {[%emt 00:03:40]} 31. f3
{[%clk 00:27:40]} {[%emt 00:02:30]} Qg5 {[%clk 00:33:44]} {[%emt 00:01:47]} 32.
g4 {[%clk 00:26:00]} {[%emt 00:02:09]} Qe3+ {[%clk 00:31:13]} {[%emt 00:03:02]}
33. Kh1 {[%clk 00:26:20]} {[%emt 00:00:09]} Qxf3+ {[%clk 00:31:18]} {[%emt
00:00:27]} 34. Kg1 {[%clk 00:26:32]} {[%emt 00:00:17]} Qg2# {[%clk 00:31:00]}
{[%emt 00:00:18]} 0-1